| 000 | 00000nam##2200000za#4500 |
| 001 | 9.604336 |
| 003 | CaOODSP |
| 005 | 20210624211529 |
| 007 | cr ||||||||||| |
| 008 | 150406|1997||||xxc|||||o f|0| 0 fre|d |
| 040 | |aCaOODSP|bfre |
| 043 | |an-cn--- |
| 086 | 1 |aEn56-119/1-1997-1F-PDF |
| 110 | 1 |aCanada. |bEnvironnement Canada. |
| 245 | 10|aSommaire des provinces des Prairies|h[ressource électronique] |
| 246 | 17|aLe changement climatique dans les Prairies canadiennes |
| 260 | |aOttawa - Ontario : |bEnvironnement Canada |c1997. |
| 300 | |a14p.|bfigure, graphiques, carte, photographies |
| 490 | 1 |aL'Étude pan-canadienne |
| 500 | |aLe n° de catalogue (En56-119/1-1997-1) et l'ISBN (0-662-63206-0) de l'édition imprimée bilingue ont été incorrectement copiés dans l'édition électronique. |
| 590 | |a12-31-Supp|b2012-07-06 |
| 775 | 08|tCanadian Prairies summary|w(CaOODSP)9.574595 |
| 776 | 0#|tCanadian prairies summary|w(CaOODSP)9.529336 |
| 776 | 0#|tSommaire des provinces des prairies|w(CaOODSP)9.529337 |
| 830 | #0|aL'étude pan-canadienne.|w(CaOODSP)9.503450 |
| 856 | 40|ahttp://publications.gc.ca|qPDF|s799 Ko|uhttps://publications.gc.ca/collections/Collection/En56-119-1-1997-1F.pdf |